Study of the ageing of passenger car tyres (Record no. 69796)

MARC details
000 -LEADER
fixed length control field 00443nam a2200157Ia 4500
100 ## - MAIN ENTRY--AUTHOR NAME
Personal name Willmerdiing G
245 #0 - TITLE STATEMENT
Title Study of the ageing of passenger car tyres
260 ## - PUBLICATION, DISTRIBUTION, ETC. (IMPRINT)
Name of publisher Kautschuk Gummi Kunststoffe
Year of publication 2002
300 ## - PHYSICAL DESCRIPTION
Number of Pages 169-174
650 ## - SUBJECT ADDED ENTRY--TOPICAL TERM
Topical Term Static and dynamic steel cord rubber adhesion
650 ## - SUBJECT ADDED ENTRY--TOPICAL TERM
Topical Term Structural durability
650 ## - SUBJECT ADDED ENTRY--TOPICAL TERM
Topical Term Tyre ageing
700 ## - ADDED ENTRY--PERSONAL NAME
Personal name Seitz N
942 ## - ADDED ENTRY ELEMENTS (KOHA)
Koha item type Journals
Holdings
Withdrawn status Lost status Damaged status Not for loan Home library Current library Shelving location Date acquired Serial Enumeration / chronology Koha item type
      Journals RRII Library RRII Library Rubber general 01/01/2021 Volume 55, Issue 4 Journals